[Event "Winnipeg TNT September op"]
[Site "Winnipeg CAN"]
[Date "2008.09.02"]
[Round "1"]
[White "Gibbons, Lorne"]
[Black "Bince, Rolando"]
[Result "0-1"]
[WhiteElo "1201"]
[BlackElo "1911"]
[PlyCount "30"]
[GameId "2160767910328234"]
[EventDate "2008.09.02"]
[EventType "swiss"]
[EventRounds "5"]
[EventCountry "CAN"]
[SourceTitle "EXT 2011"]
[Source "ChessBase"]
[SourceDate "2011.11.26"]
[SourceVersion "1"]
[SourceVersionDate "2011.11.26"]
[SourceQuality "1"]

1. d4 d6 2. e4 Nf6 3. Nc3 Nbd7 4. Bf4 e5 5. dxe5 dxe5 6. Bg3 Bb4 7. Qd2 Nxe4 8. Qe3 Bxc3+ 9. bxc3 Nxg3 10. Qxg3 O-O 11. O-O-O Qe7 12. Kb1 Nf6 13. Re1 Re8 14. f4 e4 15. Bc4 Qc5 0-1

[Event "Winnipeg TNT September op"]
[Site "Winnipeg CAN"]
[Date "2008.09.02"]
[Round "1"]
[White "Kernetsky, Myron"]
[Black "Pang, Michael"]
[Result "1-0"]
[WhiteElo "1948"]
[BlackElo "1417"]
[PlyCount "103"]
[GameId "2160767910328235"]
[EventDate "2008.09.02"]
[EventType "swiss"]
[EventRounds "5"]
[EventCountry "CAN"]
[SourceTitle "EXT 2011"]
[Source "ChessBase"]
[SourceDate "2011.11.26"]
[SourceVersion "1"]
[SourceVersionDate "2011.11.26"]
[SourceQuality "1"]

1. d4 d5 2. c4 c6 3. Nc3 Nf6 4. Nf3 e6 5. e3 Bd6 6. Bd3 O-O 7. O-O Nbd7 8. e4 dxe4 9. Nxe4 Nxe4 10. Bxe4 h6 11. Be3 Nf6 12. Bc2 Re8 13. Qd3 b6 14. Rfd1 Bb7 15. Qc3 Qe7 16. c5 Bc7 17. b4 Rec8 18. Ne5 a5 19. a3 axb4 20. axb4 Qe8 21. Qd3 Rd8 22. Rxa8 Bxa8 23. Bf4 bxc5 24. bxc5 Bb8 25. h3 g6 26. Qf3 h5 27. g4 hxg4 28. hxg4 Nd5 29. Bg5 Rc8 30. Bb3 Bxe5 31. dxe5 Qf8 32. Qh3 Qg7 33. Re1 Qh7 34. Qg3 Kg7 35. Bxd5 cxd5 36. Bf6+ Kg8 37. Kg2 Rxc5 38. Qa3 Rc8 39. Ra1 Bc6 40. Rh1 d4+ 41. f3 Bxf3+ 42. Qxf3 Rc2+ 43. Kg3 Rc3 44. Rxh7 Kxh7 45. Kf4 Rxf3+ 46. Kxf3 Kg8 47. Ke4 Kf8 48. Kxd4 Ke8 49. Kc5 Kd7 50. Kb6 Ke8 51. Kc7 Kf8 52. Kd7 1-0

[Event "Winnipeg TNT September op"]
[Site "Winnipeg CAN"]
[Date "2008.09.02"]
[Round "1"]
[White "Khedkar, Jay S"]
[Black "Mandusic, Ante"]
[Result "1-0"]
[WhiteElo "1914"]
[BlackElo "1282"]
[PlyCount "45"]
[GameId "2160767910328236"]
[EventDate "2008.09.02"]
[EventType "swiss"]
[EventRounds "5"]
[EventCountry "CAN"]
[SourceTitle "EXT 2011"]
[Source "ChessBase"]
[SourceDate "2011.11.26"]
[SourceVersion "1"]
[SourceVersionDate "2011.11.26"]
[SourceQuality "1"]

1. e4 Nc6 2. d4 e6 3. d5 exd5 4. exd5 Ne5 5. Nf3 Bd6 6. Be2 c5 7. Nc3 Nf6 8. O-O O-O 9. Bg5 a6 10. Ne4 Nxf3+ 11. Bxf3 Be5 12. Nxc5 h6 13. Bxf6 Bxf6 14. d6 Be5 15. c3 Qb6 16. Qd5 Re8 17. Rae1 Bxd6 18. Rxe8+ Bf8 19. Nxd7 Qc7 20. Rxf8+ Kh7 21. Be4+ f5 22. Bxf5+ g6 23. Qf7# 1-0

[Event "Winnipeg TNT September op"]
[Site "Winnipeg CAN"]
[Date "2008.09.02"]
[Round "1"]
[White "Lipnowski, Samuel"]
[Black "Milord, Frank"]
[Result "1-0"]
[WhiteElo "2277"]
[BlackElo "1595"]
[PlyCount "67"]
[GameId "2160767910328237"]
[EventDate "2008.09.02"]
[EventType "swiss"]
[EventRounds "5"]
[EventCountry "CAN"]
[SourceTitle "EXT 2011"]
[Source "ChessBase"]
[SourceDate "2011.11.26"]
[SourceVersion "1"]
[SourceVersionDate "2011.11.26"]
[SourceQuality "1"]

1. e4 d6 2. d4 Nf6 3. Nc3 g6 4. Nf3 Bg7 5. h3 O-O 6. Be3 c6 7. a4 Qa5 8. Bd3 d5 9. e5 Ne4 10. Bxe4 dxe4 11. Nd2 Rd8 12. Ncxe4 Bf5 13. Qf3 Qd5 14. O-O Na6 15. g4 Be6 16. c4 Qa5 17. Ng5 Nc7 18. Nxe6 Nxe6 19. Qe2 Qb4 20. Nf3 a5 21. Rfd1 Nc7 22. Qc2 Qb6 23. d5 c5 24. Ra3 Na6 25. Rb3 Nb4 26. Qe4 Rd7 27. Ng5 Qc7 28. Nxf7 e6 29. d6 Qc6 30. Ng5 Qxe4 31. Nxe4 Bxe5 32. f4 Bd4 33. Bxd4 cxd4 34. Nf6+ 1-0

[Event "Winnipeg TNT September op"]
[Site "Winnipeg CAN"]
[Date "2008.09.02"]
[Round "1"]
[White "Magnusson, Saul"]
[Black "Van Wyk, Joseph"]
[Result "0-1"]
[WhiteElo "1447"]
[BlackElo "2058"]
[PlyCount "40"]
[GameId "2160767910328238"]
[EventDate "2008.09.02"]
[EventType "swiss"]
[EventRounds "5"]
[EventCountry "CAN"]
[SourceTitle "EXT 2011"]
[Source "ChessBase"]
[SourceDate "2011.11.26"]
[SourceVersion "1"]
[SourceVersionDate "2011.11.26"]
[SourceQuality "1"]

1. e4 c6 2. c4 d5 3. exd5 cxd5 4. cxd5 Nf6 5. Nf3 Nxd5 6. d4 Nc6 7. Bb5 Qa5+ 8. Nc3 Nxc3 9. Bd2 Nxd1 10. Bxa5 Nxb2 11. Ne5 Bd7 12. Bxc6 bxc6 13. Rb1 Na4 14. Rb7 Be6 15. O-O Bd5 16. Rd7 f6 17. Rb1 fxe5 18. Rbb7 exd4 19. Bb4 d3 20. Rbc7 Nb6 0-1

[Event "Winnipeg TNT September op"]
[Site "Winnipeg CAN"]
[Date "2008.09.02"]
[Round "1"]
[White "Rutter, Blair"]
[Black "Daase, Jason"]
[Result "1-0"]
[WhiteElo "1881"]
[BlackElo "1020"]
[PlyCount "59"]
[GameId "2160767910328239"]
[EventDate "2008.09.02"]
[EventType "swiss"]
[EventRounds "5"]
[EventCountry "CAN"]
[SourceTitle "EXT 2011"]
[Source "ChessBase"]
[SourceDate "2011.11.26"]
[SourceVersion "1"]
[SourceVersionDate "2011.11.26"]
[SourceQuality "1"]

1. c4 Nf6 2. g3 e6 3. Bg2 Nc6 4. Nc3 Bb4 5. e4 Bxc3 6. bxc3 d5 7. cxd5 exd5 8. exd5 Nxd5 9. Ba3 Be6 10. Nf3 Qd7 11. O-O O-O-O 12. Rb1 Nb6 13. Qc2 Bf5 14. Qb3 Bxb1 15. Rxb1 Rhe8 16. d4 Qe6 17. Qc2 Nc4 18. Bc1 Qe2 19. Qxe2 Rxe2 20. Bf1 Rxa2 21. Bxc4 Rc2 22. Bb2 f5 23. Bd3 Rxb2 24. Bxf5+ Kb8 25. Rxb2 g6 26. Be4 Ne7 27. Rxb7+ Kc8 28. Rxa7 Nf5 29. Ne5 Rd7 30. Ra8# 1-0

[Event "Winnipeg TNT September op"]
[Site "Winnipeg CAN"]
[Date "2008.09.09"]
[Round "2"]
[White "Bince, Rolando"]
[Black "Kernetsky, Myron"]
[Result "1-0"]
[WhiteElo "1911"]
[BlackElo "1948"]
[PlyCount "89"]
[GameId "2160767910328240"]
[EventDate "2008.09.02"]
[EventType "swiss"]
[EventRounds "5"]
[EventCountry "CAN"]
[SourceTitle "EXT 2011"]
[Source "ChessBase"]
[SourceDate "2011.11.26"]
[SourceVersion "1"]
[SourceVersionDate "2011.11.26"]
[SourceQuality "1"]

1. e4 e6 2. d4 d5 3. Nc3 Nf6 4. Bg5 Be7 5. Bd3 a6 6. Nf3 dxe4 7. Nxe4 Nbd7 8. Nxf6+ Nxf6 9. O-O O-O 10. Ne5 c5 11. dxc5 Qc7 12. Re1 Qxc5 13. Qf3 Qc7 14. Rad1 Ra7 15. Qh3 g6 16. Qh4 Nd5 17. Ng4 f5 18. Bxe7 Qxe7 19. Nh6+ Kg7 20. Qd4+ Kxh6 21. Qxa7 Qg5 22. Qc5 Kg7 23. Bf1 b5 24. b3 Nf4 25. Qe5+ Kg8 26. g3 Nh5 27. f4 Qe7 28. Bg2 Nf6 29. h3 Nh5 30. Kh2 g5 31. Bf3 Ng7 32. Rd6 h5 33. Red1 g4 34. Bc6 h4 35. hxg4 hxg3+ 36. Kg2 Qh4 37. Rh1 Qxg4 38. Bf3 Qg6 39. Rh3 Qf7 40. Rxg3 Kh7 41. Rd1 Qe7 42. Rh1+ Kg8 43. Rh5 Qd7 44. Rxg7+ Qxg7+ 45. Rg5 1-0

[Event "Winnipeg TNT September op"]
[Site "Winnipeg CAN"]
[Date "2008.09.09"]
[Round "2"]
[White "Greenberg, Harley"]
[Black "Green, Aaron"]
[Result "1-0"]
[WhiteElo "1730"]
[BlackElo "1746"]
[PlyCount "51"]
[GameId "2160767910328241"]
[EventDate "2008.09.02"]
[EventType "swiss"]
[EventRounds "5"]
[EventCountry "CAN"]
[SourceTitle "EXT 2011"]
[Source "ChessBase"]
[SourceDate "2011.11.26"]
[SourceVersion "1"]
[SourceVersionDate "2011.11.26"]
[SourceQuality "1"]

1. d4 Nf6 2. c4 g6 3. Nc3 Bg7 4. e4 d6 5. Nf3 O-O 6. Be2 e5 7. O-O Nc6 8. d5 Ne7 9. Ne1 Nd7 10. Be3 f5 11. f3 f4 12. Bf2 g5 13. b4 h5 14. c5 Nf6 15. Nb5 Ng6 16. Rc1 Rf7 17. cxd6 cxd6 18. Nxa7 Rxa7 19. Bxa7 g4 20. Qc2 Bd7 21. Qc7 Qf8 22. Bb8 Bb5 23. Bxb5 Rxc7 24. Bxc7 Qe7 25. Bb6 Ne8 26. Rc8 1-0

[Event "Winnipeg TNT September op"]
[Site "Winnipeg CAN"]
[Date "2008.09.09"]
[Round "2"]
[White "Liu, Weixi"]
[Black "Lipnowski, Samuel"]
[Result "1/2-1/2"]
[WhiteElo "1942"]
[BlackElo "2277"]
[PlyCount "65"]
[GameId "2160767910328242"]
[EventDate "2008.09.02"]
[EventType "swiss"]
[EventRounds "5"]
[EventCountry "CAN"]
[SourceTitle "EXT 2011"]
[Source "ChessBase"]
[SourceDate "2011.11.26"]
[SourceVersion "1"]
[SourceVersionDate "2011.11.26"]
[SourceQuality "1"]

1. d4 Nf6 2. c4 g6 3. Nc3 Bg7 4. e4 d6 5. f3 O-O 6. Be3 Nc6 7. Qd2 e5 8. d5 Nd4 9. O-O-O c5 10. dxc6 bxc6 11. Nge2 c5 12. Nd5 Nxd5 13. cxd5 Bd7 14. Nc3 Rb8 15. Bc4 Rb4 16. Qd3 Qb6 17. Rd2 Rb8 18. Nd1 Ba4 19. Qc3 Qa5 20. a3 Rxc4 21. Qxc4 Nb3+ 22. Kb1 Nxd2+ 23. Bxd2 Qxd2 24. Qxa4 Qxg2 25. Qxa7 Rxb2+ 26. Nxb2 Qxh1+ 27. Ka2 Qxf3 28. a4 h5 29. a5 Qxe4 30. Qb7 Qe1 31. a6 Qa5+ 32. Kb3 e4 33. a7 1/2-1/2

[Event "Winnipeg TNT September op"]
[Site "Winnipeg CAN"]
[Date "2008.09.09"]
[Round "2"]
[White "Milord, Frank"]
[Black "Ott, Richard"]
[Result "0-1"]
[WhiteElo "1595"]
[BlackElo "1398"]
[PlyCount "54"]
[GameId "2160767910328243"]
[EventDate "2008.09.02"]
[EventType "swiss"]
[EventRounds "5"]
[EventCountry "CAN"]
[SourceTitle "EXT 2011"]
[Source "ChessBase"]
[SourceDate "2011.11.26"]
[SourceVersion "1"]
[SourceVersionDate "2011.11.26"]
[SourceQuality "1"]

1. e4 c5 2. Nf3 d6 3. d4 cxd4 4. Nxd4 Nf6 5. Nc3 a6 6. Be2 e6 7. Be3 Nc6 8. O-O Be7 9. f4 Qc7 10. Kh1 b5 11. a3 Nxd4 12. Bxd4 e5 13. Be3 Bb7 14. Bf3 Rd8 15. Rf2 exf4 16. Bxf4 Qc4 17. Be2 Nxe4 18. Nxe4 Qxe4 19. Bd3 Qd5 20. Qg4 Kf8 21. Re1 h5 22. Qe2 Bf6 23. c4 bxc4 24. Bxc4 Qc6 25. b4 d5 26. b5 Qxc4 27. Bd6+ Kg8 0-1

[Event "Winnipeg TNT September op"]
[Site "Winnipeg CAN"]
[Date "2008.09.09"]
[Round "2"]
[White "Pang, Michael"]
[Black "Daase, Jason"]
[Result "1-0"]
[WhiteElo "1417"]
[BlackElo "1020"]
[PlyCount "85"]
[GameId "2160767910328244"]
[EventDate "2008.09.02"]
[EventType "swiss"]
[EventRounds "5"]
[EventCountry "CAN"]
[SourceTitle "EXT 2011"]
[Source "ChessBase"]
[SourceDate "2011.11.26"]
[SourceVersion "1"]
[SourceVersionDate "2011.11.26"]
[SourceQuality "1"]

1. e4 e5 2. Nf3 Nc6 3. Nc3 Bb4 4. a3 Bxc3 5. bxc3 Nf6 6. d3 d5 7. exd5 Nxd5 8. Bb2 Bf5 9. c4 Nf4 10. Qd2 Qe7 11. O-O-O O-O 12. Nxe5 Nxe5 13. Qxf4 Bg4 14. f3 Qf6 15. Bxe5 Qxf4+ 16. Bxf4 Bh5 17. Bxc7 Rfe8 18. Kd2 Re7 19. Bd6 Re6 20. Bb4 Rae8 21. g4 Bg6 22. f4 f5 23. h3 h5 24. gxf5 Bxf5 25. Kc1 Re3 26. Bd2 Rf3 27. Bg2 Rf2 28. Bd5+ Kh7 29. Rde1 Rxe1+ 30. Rxe1 Bxh3 31. Be3 Rf1 32. Rxf1 Bxf1 33. Bxb7 h4 34. Bxa7 h3 35. Bg1 Bg2 36. Bxg2 hxg2 37. a4 Kh6 38. a5 g5 39. fxg5+ Kxg5 40. a6 Kg4 41. a7 Kf3 42. a8=Q+ Ke2 43. Qxg2+ 1-0

[Event "Winnipeg TNT September op"]
[Site "Winnipeg CAN"]
[Date "2008.09.09"]
[Round "2"]
[White "Trueman, Francis"]
[Black "Mandusic, Ante"]
[Result "1-0"]
[WhiteElo "1502"]
[BlackElo "1282"]
[PlyCount "65"]
[GameId "2160767910328245"]
[EventDate "2008.09.02"]
[EventType "swiss"]
[EventRounds "5"]
[EventCountry "CAN"]
[SourceTitle "EXT 2011"]
[Source "ChessBase"]
[SourceDate "2011.11.26"]
[SourceVersion "1"]
[SourceVersionDate "2011.11.26"]
[SourceQuality "1"]

1. Nf3 Nc6 2. d3 d5 3. Nbd2 e5 4. e4 d4 5. g3 Nf6 6. Bg2 Be7 7. O-O O-O 8. Nc4 Bd6 9. Nxd6 cxd6 10. Qe2 h6 11. h4 Nh7 12. Nh2 b5 13. f4 f6 14. f5 b4 15. Qg4 Qa5 16. Bxh6 Rf7 17. Qg6 Nf8 18. Qg4 Kh7 19. Bd2 g6 20. Qf3 Qa4 21. fxg6+ Kxg6 22. h5+ Kh7 23. b3 Qa3 24. Bc1 Qa5 25. Ng4 f5 26. Nh6 Rf6 27. Nxf5 Bxf5 28. exf5 Qc5 29. Bg5 Rf7 30. f6 Nd7 31. Qf5+ Kh8 32. Qg6 Rh7 33. f7 1-0

[Event "Winnipeg TNT September op"]
[Site "Winnipeg CAN"]
[Date "2008.09.09"]
[Round "2"]
[White "Van Wyk, Joseph"]
[Black "Khedkar, Jay S"]
[Result "1/2-1/2"]
[WhiteElo "2058"]
[BlackElo "1914"]
[PlyCount "42"]
[GameId "2160767910328246"]
[EventDate "2008.09.02"]
[EventType "swiss"]
[EventRounds "5"]
[EventCountry "CAN"]
[SourceTitle "EXT 2011"]
[Source "ChessBase"]
[SourceDate "2011.11.26"]
[SourceVersion "1"]
[SourceVersionDate "2011.11.26"]
[SourceQuality "1"]

1. e4 g6 2. f4 Bg7 3. Nf3 d6 4. Bc4 c5 5. O-O Nf6 6. c3 O-O 7. e5 dxe5 8. fxe5 Nd5 9. d4 cxd4 10. cxd4 Nc6 11. Nc3 Nb6 12. Bb3 Bg4 13. Be3 Na5 14. Bc2 Nac4 15. Bc1 Rc8 16. h3 Bxf3 17. Rxf3 Nd5 18. Bb3 e6 19. Ne4 Qb6 20. Kh1 f5 21. Nc3 Rfd8 1/2-1/2

[Event "Winnipeg TNT September op"]
[Site "Winnipeg CAN"]
[Date "2008.09.09"]
[Round "2"]
[White "Wiebe, Daniel"]
[Black "Rutter, Blair"]
[Result "0-1"]
[WhiteElo "1812"]
[BlackElo "1881"]
[PlyCount "24"]
[GameId "2160767910328247"]
[EventDate "2008.09.02"]
[EventType "swiss"]
[EventRounds "5"]
[EventCountry "CAN"]
[SourceTitle "EXT 2011"]
[Source "ChessBase"]
[SourceDate "2011.11.26"]
[SourceVersion "1"]
[SourceVersionDate "2011.11.26"]
[SourceQuality "1"]

1. e4 e6 2. d4 d5 3. exd5 exd5 4. Bd3 Nf6 5. Bg5 Be7 6. Nc3 c6 7. Qd2 Qb6 8. Qe3 Qxb2 9. Bxf6 Qxa1+ 10. Kd2 gxf6 11. Qh6 Na6 12. Bxh7 Bf5 0-1

[Event "Winnipeg TNT September op"]
[Site "Winnipeg CAN"]
[Date "2008.09.16"]
[Round "3"]
[White "Daase, Jason"]
[Black "Mandusic, Ante"]
[Result "1-0"]
[WhiteElo "1020"]
[BlackElo "1282"]
[PlyCount "71"]
[GameId "2160767910328248"]
[EventDate "2008.09.02"]
[EventType "swiss"]
[EventRounds "5"]
[EventCountry "CAN"]
[SourceTitle "EXT 2011"]
[Source "ChessBase"]
[SourceDate "2011.11.26"]
[SourceVersion "1"]
[SourceVersionDate "2011.11.26"]
[SourceQuality "1"]

1. e4 e5 2. Nf3 Nf6 3. Nc3 g6 4. Bc4 Bg7 5. Nxe5 d6 6. Nxf7 Qd7 7. Nxh8 Bxh8 8. d4 b6 9. Bg5 Qc6 10. Bb5 Nfd7 11. Bxc6 Nxc6 12. d5 Nce5 13. O-O Ba6 14. Re1 Nf7 15. Qg4 Bg7 16. Qe6+ Kf8 17. Qe7+ Kg8 18. Qxd7 Rc8 19. Rab1 h6 20. Be7 c5 21. Qxa7 Nh8 22. Qxa6 Re8 23. Bxd6 Kh7 24. Qxb6 Rg8 25. Bxc5 Be5 26. d6 Bg7 27. e5 Re8 28. e6 Rg8 29. e7 Re8 30. d7 Rg8 31. d8=Q Nf7 32. Qxg8+ Kxg8 33. e8=Q+ Kh7 34. Qxf7 h5 35. Qbxg6+ Kh8 36. Qgxg7# 1-0

[Event "Winnipeg TNT September op"]
[Site "Winnipeg CAN"]
[Date "2008.09.16"]
[Round "3"]
[White "Green, Aaron"]
[Black "Wiebe, Daniel"]
[Result "1-0"]
[WhiteElo "1746"]
[BlackElo "1812"]
[PlyCount "41"]
[GameId "2160767910328249"]
[EventDate "2008.09.02"]
[EventType "swiss"]
[EventRounds "5"]
[EventCountry "CAN"]
[SourceTitle "EXT 2011"]
[Source "ChessBase"]
[SourceDate "2011.11.26"]
[SourceVersion "1"]
[SourceVersionDate "2011.11.26"]
[SourceQuality "1"]

1. e4 c5 2. Nf3 d6 3. d4 cxd4 4. Nxd4 Nf6 5. Nc3 a6 6. Be2 e5 7. Nb3 Be7 8. O-O O-O 9. Be3 Be6 10. Kh1 Nbd7 11. f4 Qc7 12. f5 Bc4 13. Bxc4 Qxc4 14. Nd2 Qc6 15. Qf3 Nc5 16. Bxc5 dxc5 17. Nc4 Bd6 18. a4 Bc7 19. Ne3 c4 20. Ned5 Nd7 21. Ne7+ 1-0

[Event "Winnipeg TNT September op"]
[Site "Winnipeg CAN"]
[Date "2008.09.16"]
[Round "3"]
[White "Kernetsky, Myron"]
[Black "Kong, Dezheng"]
[Result "1/2-1/2"]
[WhiteElo "1948"]
[BlackElo "1870"]
[PlyCount "55"]
[GameId "2160767910328250"]
[EventDate "2008.09.02"]
[EventType "swiss"]
[EventRounds "5"]
[EventCountry "CAN"]
[SourceTitle "EXT 2011"]
[Source "ChessBase"]
[SourceDate "2011.11.26"]
[SourceVersion "1"]
[SourceVersionDate "2011.11.26"]
[SourceQuality "1"]

1. d4 d5 2. c4 c6 3. Nc3 Nf6 4. Nf3 e6 5. e3 Be7 6. Bd3 O-O 7. O-O dxc4 8. Bxc4 b5 9. Bd3 Nbd7 10. Bd2 Bb7 11. Rc1 Rc8 12. Qe2 a6 13. Ne4 c5 14. Nxc5 Nxc5 15. dxc5 Bxc5 16. Rfd1 Bxf3 17. gxf3 Qe7 18. Bc3 Nd5 19. Be5 Nxe3 20. Rxc5 Nxd1 21. Rc2 Rxc2 22. Bxc2 Qg5+ 23. Kf1 Nxb2 24. Bxb2 Rd8 25. Qe4 Qh6 26. Qe5 Rc8 27. Bd3 Qh3+ 28. Ke2 1/2-1/2

[Event "Winnipeg TNT September op"]
[Site "Winnipeg CAN"]
[Date "2008.09.16"]
[Round "3"]
[White "Khedkar, Jay S"]
[Black "Liu, Weixi"]
[Result "1/2-1/2"]
[WhiteElo "1914"]
[BlackElo "1942"]
[PlyCount "51"]
[GameId "2160767910328251"]
[EventDate "2008.09.02"]
[EventType "swiss"]
[EventRounds "5"]
[EventCountry "CAN"]
[SourceTitle "EXT 2011"]
[Source "ChessBase"]
[SourceDate "2011.11.26"]
[SourceVersion "1"]
[SourceVersionDate "2011.11.26"]
[SourceQuality "1"]

1. e4 e6 2. d4 d5 3. Nd2 c5 4. exd5 Qxd5 5. Ngf3 cxd4 6. Bc4 Qd8 7. Nb3 Nf6 8. O-O Be7 9. Nfxd4 a6 10. a4 O-O 11. Bg5 Qc7 12. Bd3 b6 13. Qe2 Bb7 14. c4 Rd8 15. Rac1 Nc6 16. Be3 Rd7 17. Rfd1 Rad8 18. Bb1 Bd6 19. g3 Be5 20. Nf3 Rxd1+ 21. Rxd1 Rxd1+ 22. Qxd1 Bxb2 23. c5 b5 24. axb5 axb5 25. Qe2 Qd7 26. Qd3 1/2-1/2

[Event "Winnipeg TNT September op"]
[Site "Winnipeg CAN"]
[Date "2008.09.16"]
[Round "3"]
[White "Lipnowski, Samuel"]
[Black "Greenberg, Harley"]
[Result "1-0"]
[WhiteElo "2277"]
[BlackElo "1730"]
[PlyCount "95"]
[GameId "2160767910328252"]
[EventDate "2008.09.02"]
[EventType "swiss"]
[EventRounds "5"]
[EventCountry "CAN"]
[SourceTitle "EXT 2011"]
[Source "ChessBase"]
[SourceDate "2011.11.26"]
[SourceVersion "1"]
[SourceVersionDate "2011.11.26"]
[SourceQuality "1"]

1. e4 c5 2. Nf3 Nc6 3. Nc3 d6 4. d4 cxd4 5. Nxd4 e5 6. Nb3 Nf6 7. Bg5 Be7 8. Bxf6 Bxf6 9. Nd5 O-O 10. Bc4 Be6 11. O-O Rc8 12. Qe2 Bxd5 13. Bxd5 Nb4 14. c4 Nxd5 15. cxd5 Bg5 16. g3 Qb6 17. Kg2 a5 18. f4 exf4 19. gxf4 Bf6 20. Rab1 a4 21. Nc1 Rc7 22. e5 Rfc8 23. Qe4 dxe5 24. fxe5 Bxe5 25. Nd3 Rc2+ 26. Rf2 Rxf2+ 27. Nxf2 Bxh2 28. Rh1 Qg6+ 29. Qxg6 hxg6 30. Rxh2 Rc2 31. Rh4 b5 32. Rb4 Rc5 33. Rd4 Kf8 34. Kf3 f5 35. Nd3 Rc4 36. Rxc4 bxc4 37. Ne5 g5 38. Nxc4 Ke7 39. Nb6 Kd6 40. Nxa4 Kxd5 41. Nc3+ Kc5 42. Ne2 g6 43. a4 Kb4 44. b3 Ka5 45. Nd4 Kb4 46. Nc6+ Kc5 47. Ne5 g4+ 48. Nxg4 1-0

[Event "Winnipeg TNT September op"]
[Site "Winnipeg CAN"]
[Date "2008.09.16"]
[Round "3"]
[White "Rutter, Blair"]
[Black "Bince, Rolando"]
[Result "1/2-1/2"]
[WhiteElo "1881"]
[BlackElo "1911"]
[PlyCount "105"]
[GameId "2160767910328253"]
[EventDate "2008.09.02"]
[EventType "swiss"]
[EventRounds "5"]
[EventCountry "CAN"]
[SourceTitle "EXT 2011"]
[Source "ChessBase"]
[SourceDate "2011.11.26"]
[SourceVersion "1"]
[SourceVersionDate "2011.11.26"]
[SourceQuality "1"]

1. c4 Nf6 2. g3 e5 3. Bg2 d5 4. Nc3 d4 5. Ne4 Nxe4 6. Bxe4 f5 7. Bg2 c6 8. d3 a5 9. Bd2 Be7 10. f4 Nd7 11. Nf3 e4 12. Nxd4 Nf6 13. Bc3 Ng4 14. Nc2 Qb6 15. d4 Be6 16. h3 Nf6 17. b3 Nh5 18. Kf2 O-O 19. e3 Bf7 20. Qd2 c5 21. Rag1 Qg6 22. Bf1 b6 23. Be2 Rfd8 24. g4 Bh4+ 25. Kg2 Ng3 26. Rh2 Rd7 27. d5 Be8 28. Na3 h6 29. Qd1 Kh7 30. Be1 Nxe2 31. Qxe2 Bxe1 32. Rxe1 a4 33. bxa4 Rxa4 34. Nb5 Qf6 35. Kh1 Rb7 36. gxf5 Bxb5 37. cxb5 Qxf5 38. Rd1 Rba7 39. Rd2 Rd7 40. Qd1 Ra3 41. Qe2 Rd6 42. Kg1 Rxd5 43. Rxd5 Qxd5 44. Rg2 Rd3 45. Qb2 Rd1+ 46. Kh2 g6 47. Qf6 g5 48. Qxb6 Rd2 49. Qc7+ Kg8 50. Qb8+ Kh7 51. Qc7+ Kg8 52. Qb8+ Kh7 53. Qc7+ 1/2-1/2

[Event "Winnipeg TNT September op"]
[Site "Winnipeg CAN"]
[Date "2008.09.16"]
[Round "3"]
[White "Trueman, Francis"]
[Black "Van Wyk, Joseph"]
[Result "0-1"]
[WhiteElo "1502"]
[BlackElo "2058"]
[PlyCount "49"]
[GameId "2160767910328254"]
[EventDate "2008.09.02"]
[EventType "swiss"]
[EventRounds "5"]
[EventCountry "CAN"]
[SourceTitle "EXT 2011"]
[Source "ChessBase"]
[SourceDate "2011.11.26"]
[SourceVersion "1"]
[SourceVersionDate "2011.11.26"]
[SourceQuality "1"]

1. Nf3 c5 2. d3 Nc6 3. g3 g5 4. Nbd2 e5 5. e4 d5 6. Bg2 Bg4 7. O-O Qd7 8. Re1 O-O-O 9. a4 h5 10. Nc4 f6 11. Bd2 Nge7 12. a5 h4 13. b4 cxb4 14. Qb1 Ng6 15. a6 b6 16. Qa2 Bc5 17. Reb1 Kb8 18. Qa4 hxg3 19. Nxb6 axb6 20. Bxb4 Bxb4 21. Rxb4 gxf2+ 22. Kf1 Nxb4 23. a7+ Ka8 24. Qxb4 Bxf3 25. Qxb6 0-1

[Event "Winnipeg TNT September op"]
[Site "Winnipeg CAN"]
[Date "2008.09.23"]
[Round "4"]
[White "Bince, Rolando"]
[Black "Lipnowski, Samuel"]
[Result "1-0"]
[WhiteElo "1911"]
[BlackElo "2277"]
[PlyCount "115"]
[GameId "2160767910328255"]
[EventDate "2008.09.02"]
[EventType "swiss"]
[EventRounds "5"]
[EventCountry "CAN"]
[SourceTitle "EXT 2011"]
[Source "ChessBase"]
[SourceDate "2011.11.26"]
[SourceVersion "1"]
[SourceVersionDate "2011.11.26"]
[SourceQuality "1"]

1. e4 c5 2. Nf3 e6 3. d4 cxd4 4. Nxd4 a6 5. c4 Nf6 6. Nc3 Bb4 7. e5 Qa5 8. exf6 Bxc3+ 9. Bd2 Bxd2+ 10. Qxd2 Qxd2+ 11. Kxd2 gxf6 12. c5 Ke7 13. Re1 Kd8 14. Re3 f5 15. f4 Rg8 16. Rg3 Rg6 17. Be2 Ke7 18. Bh5 Rh6 19. Bf3 Nc6 20. Nxc6+ bxc6 21. Rh3 Rxh3 22. gxh3 Rb8 23. Kc3 a5 24. Be2 Rb4 25. Bc4 f6 26. Rg1 Kf8 27. h4 Rb8 28. h5 Bb7 29. h6 Re8 30. a4 Re7 31. b4 axb4+ 32. Kxb4 Rf7 33. a5 Ke7 34. a6 Bxa6 35. Bxa6 Kd8 36. Rg7 Rf8 37. Rxh7 Kc7 38. Bc4 Re8 39. Rg7 e5 40. h7 Rh8 41. Bg8 exf4 42. Rg1 f3 43. Rf1 d6 44. Rxf3 Kd7 45. Rxf5 Ke7 46. cxd6+ Kxd6 47. Rxf6+ Ke5 48. Rxc6 Ke4 49. Rc5 Kf4 50. Kc3 Ke3 51. Re5+ Kf4 52. Kd4 Kg4 53. Ke4 Kh4 54. Kf4 Kh3 55. Kf3 Kh4 56. h3 Rxg8 57. hxg8=R Kxh3 58. Rh5# 1-0

[Event "Winnipeg TNT September op"]
[Site "Winnipeg CAN"]
[Date "2008.09.23"]
[Round "4"]
[White "Daase, Jason"]
[Black "Milord, Frank"]
[Result "0-1"]
[WhiteElo "1020"]
[BlackElo "1595"]
[PlyCount "44"]
[GameId "2160767910328256"]
[EventDate "2008.09.02"]
[EventType "swiss"]
[EventRounds "5"]
[EventCountry "CAN"]
[SourceTitle "EXT 2011"]
[Source "ChessBase"]
[SourceDate "2011.11.26"]
[SourceVersion "1"]
[SourceVersionDate "2011.11.26"]
[SourceQuality "1"]

1. e4 d6 2. d4 Nf6 3. Nc3 g6 4. Bc4 Bg7 5. Nf3 O-O 6. O-O Nxe4 7. Nxe4 d5 8. Qd3 dxc4 9. Qxc4 Be6 10. Qd3 h6 11. Be3 Na6 12. a3 c6 13. c4 Bf5 14. c5 Nxc5 15. Nf6+ exf6 16. Qc4 Ne4 17. Nd2 Nxd2 18. Bxd2 Be6 19. Qc1 Kh7 20. Re1 f5 21. Re3 Bxd4 22. Rh3 h5 0-1